[Event "84th Tata Steel Masters 2022"]
[Site "Wijk aan Zee"]
[Date "2022.01.16"]
[Round "2.3"]
[White "Praggnanandhaa R"]
[Black "Duda, Jan-Krzysztof"]
[Result "1/2-1/2"]
[WhiteElo "2612"]
[BlackElo "2760"]
[Annotator "TA"]
[PlyCount "80"]
[EventDate "2022.01.15"]
[EventType "tourn"]
[EventCountry "NED"]
[Tiebreak "Direct encounter+Number of black games"]
[SourceTitle "playchess.com"]
[Source "ChessBase"]
[SourceQuality "1"]

{[%evp 26,80,17,0,5,0,0,0,0,0,11,0,2,16,14,0,0,0,0,0,0,-12,-10,-12,-7,-6,0,0,0,
-4,-4,-8,0,0,0,0,0,0,0,0,0,0,0,0,10,12,13,0,0,0,0,0,0,0,0,0,0]} 1. d4 Nf6 2. c4
e6 3. Nf3 d5 4. Nc3 c5 5. cxd5 Nxd5 6. e4 Nxc3 7. bxc3 cxd4 8. cxd4 Bb4+ 9. Bd2
Bxd2+ 10. Qxd2 O-O 11. Bc4 Nd7 {[%cal Bb8d7,Bd7f6,Bf6g4][%mdl 32]} 12. O-O b6
13. Rfe1 Bb7 14. Rad1 {The position is equal.} Rc8 {D41: Queen's Gambit
Declined: Semi-Tarrasch with 5 cxd5.} 15. Bb3 Re8 16. Re3 Nf6 17. Qe1 Ng4 18.
Re2 Ba6 19. Red2 {[#] Threatening d5.} Bc4 $146 ({Predecessor:} 19... Bb7 20.
h3 Nf6 21. Re2 Qc7 22. Re3 Red8 23. d5 e5 24. Qd2 Qd6 25. Ree1 Nd7 {1-0 (59)
Batsiashvili,N (2491)-Ovod,E (2366) Warsaw 2021}) 20. Bxc4 Rxc4 21. Qe2 Rc7 22.
Qd3 Nf6 23. d5 exd5 24. e5 Nd7 (24... Ne4 $2 {[#]} 25. Qxe4 $3 {[%mdl 512]}
dxe4 26. Rxd8 $18) 25. Qxd5 {[#] Qb5 is the strong threat.} Qe7 26. Qb5 {
[%cal Rd2d7]} Nf8 (26... Nxe5 $2 27. Qxe5 Qxe5 28. Nxe5 $18) 27. h3 h6 28. Rd6
Rec8 29. Qd3 Rc3 30. Qf5 Rc1 31. Rxc1 Rxc1+ 32. Kh2 Rc5 {[%cal Oe7d6] White
must now prevent ...Qxd6!} 33. Qd3 Qb7 34. h4 Qe7 35. Rd8 {[%cal Bd6d8,Bd8b8,
Bb8b7,Bb7a7][%mdl 32]} g6 36. Rb8 Kg7 37. Qe4 Nd7 38. Rb7 {Hoping for Qd4.} Qe6
39. Rxa7 Nxe5 40. Nxe5 Qxe5+ {A balanced but interesting game.  Weighted Error
Value: White=0.02 (flawless) /Black=0.01 (flawless)} 1/2-1/2

[Event "84th Tata Steel Masters 2022"]
[Site "Wijk aan Zee"]
[Date "2022.01.16"]
[Round "2.4"]
[White "Rapport, Richard"]
[Black "Van Foreest, Jorden"]
[Result "1-0"]
[WhiteElo "2763"]
[BlackElo "2702"]
[Annotator "TA"]
[PlyCount "93"]
[EventDate "2022.01.15"]
[EventType "tourn"]
[EventCountry "NED"]
[Tiebreak "Direct encounter+Number of black games"]
[SourceTitle "playchess.com"]
[Source "ChessBase"]
[SourceQuality "1"]

{[%evp 9,93,0,0,0,34,26,30,26,35,7,31,0,0,0,0,0,0,0,0,0,0,-6,0,-29,15,18,30,14,
21,18,25,20,25,25,18,7,11,14,12,12,12,19,19,14,12,18,37,22,32,13,16,15,12,0,6,
2,8,0,8,8,8,9,252,233,750,741,1235,1120,860,385,1269,1149,1158,1151,979,981,
12789,6953,9030,6920,1598,1070,29964,29966,29972,29963]} 1. d4 d5 2. c4 c6 3.
Nf3 Nf6 4. Nbd2 Bf5 5. Nh4 Be6 6. e3 {D11: Slav Defence: 3 Nf3 sidelines and 3.
..Nf6 4 e3 Bg4.} g6 (6... g5 $5 {[%cal Rg5h4]} 7. Nhf3 g4 $11) 7. b3 Bg7 {
[%cal Oc6c5]} 8. Bb2 {White has an edge.} O-O 9. Rc1 $5 {[%mdl 4] A promising
side line.} Ne4 {[#]} 10. Nhf3 $146 ({Predecessor:} 10. Bd3 Nxd2 11. Qxd2 Nd7
12. cxd5 cxd5 13. Nf3 Qb6 14. Ba3 Bf6 15. h3 Rfc8 16. g4 Rxc1+ 17. Qxc1 {
½-½ (87) Mamedyarov,S (2756)-Gelfand,B (2747) Jurmala 2015}) 10... Qa5 11. a3
c5 {Inhibits b4.} 12. Bd3 Nxd2 13. Qxd2 Qxd2+ 14. Kxd2 Nd7 15. Rc2 Rad8 16. h3
Rfe8 (16... dxc4 $142 17. bxc4 cxd4 18. exd4 Nb6) 17. Ke2 cxd4 18. Bxd4 dxc4
19. Bxc4 Bxc4+ 20. Rxc4 Bxd4 21. Nxd4 Nb6 22. Rc5 Rc8 23. Rhc1 Rxc5 24. Rxc5
Rc8 {To avoid Rc7} 25. Rxc8+ Nxc8 $11 {[%mdl 4096] Endgame KN-KN} 26. Kd3 Nd6
27. f4 f5 28. Nf3 Kf7 29. a4 Ne4 30. Kd4 Ke6 31. g4 Kd6 32. b4 Nf6 33. gxf5
gxf5 34. Ng5 {With the idea Nf7+.} e6 35. e4 {[%cal Be3e4,Be4f5,Bf5f6][%mdl 32]
} Nd7 {[#] A mistake that costs the game.} (35... fxe4 $11 {and Black has
nothing to worry.} 36. Nxe4+ Ke7) 36. Nxh7 $18 e5+ $2 (36... fxe4 37. Ng5 (37.
Kxe4 Nb6 $16) 37... e3) 37. fxe5+ Nxe5 38. exf5 Nc6+ 39. Kc4 (39. Ke4 $142 Ke7
40. h4) 39... Ke5 $2 (39... Ne5+ 40. Kd4 Nc6+ 41. Ke4 Nxb4) 40. f6 {[#] f7
would kill now.} Ke6 41. b5 {[%cal Bb4b5,Bb5b6][%mdl 32]} Ne5+ 42. Kd4 a6 43.
Ng5+ Kxf6 44. Ne4+ Kf5 45. Nd6+ Kf4 46. b6 a5 47. Kc5 {Weighted Error Value:
White=0.18 (very precise) /Black=0.42} ({Inferior is} 47. Nxb7 Nd7 $11) 1-0

[Event "84th Tata Steel Masters 2022"]
[Site "Wijk aan Zee"]
[Date "2022.01.16"]
[Round "2.5"]
[White "Mamedyarov, Shakhriyar"]
[Black "Esipenko, Andrey"]
[Result "1/2-1/2"]
[WhiteElo "2767"]
[BlackElo "2714"]
[Annotator "TA"]
[PlyCount "52"]
[EventDate "2022.01.15"]
[EventType "tourn"]
[EventCountry "NED"]
[Tiebreak "Direct encounter+Number of black games"]
[SourceTitle "playchess.com"]
[Source "ChessBase"]
[SourceQuality "1"]

{[%evp 9,52,-42,0,-14,14,3,9,8,7,-45,27,0,0,8,0,0,0,0,0,-77,-77,-79,-66,-83,0,
0,0,0,0,-2,-2,-2,-2,-2,-2,-10,-2,-10,0,-7,6,8,16,0,0]} 1. d4 Nf6 2. c4 e6 3. g4
d5 4. g5 Ne4 5. Bg2 Bb4+ 6. Kf1 {A50: Queen's Fianchetto Defence (1 d4 Nf6 2
c4 b6).} Be7 7. h4 {[#]} O-O $146 ({Predecessor:} 7... f6 8. Nc3 Nxc3 9. bxc3
c6 10. Qd3 Nd7 11. Nh3 Nb6 12. cxd5 cxd5 13. e4 Bd7 14. exd5 exd5 {1-0 (24)
Napoli,N (2353)-Pienabarca,N (2092) Rome 2009}) 8. Nh3 c6 9. Qc2 (9. Bxe4 $11
dxe4 10. Bf4) 9... e5 ({Better is} 9... Nd6 $1 $15) 10. Nd2 Nxd2+ 11. Bxd2 exd4
12. cxd5 cxd5 13. Nf4 Be6 14. g6 (14. Qb3 $11) 14... Nc6 $17 15. gxh7+ Kh8 16.
Qb3 {[%csl LRb7,LRd5][%cal Rg2d5]} Qd7 ({Black should play} 16... Bxh4 $17 17.
Bxd5 (17. Qxb7 Ne5 $15) 17... Bxd5 18. Qxd5 (18. Nxd5 Rc8 $11) 18... Qxd5 19.
Nxd5 Rfd8) 17. Bxd5 $11 {The position is equal.} ({Not} 17. Nxd5 $2 Rad8 18.
Bg5 Bxg5 19. hxg5 Bxd5 $19) 17... Bxd5 18. Qxd5 Rad8 19. Qxd7 Rxd7 20. Rc1 Kxh7
21. Nd3 Rd5 22. Bf4 Re8 23. Bg3 Bd6 24. Rg1 Re4 25. f3 Re7 26. Bf2 f6 {
Weighted Error Value: White=0.14 (very precise) /Black=0.16 (very precise)}
1/2-1/2

[Event "84th Tata Steel Masters 2022"]
[Site "Wijk aan Zee"]
[Date "2022.01.16"]
[Round "2.6"]
[White "Karjakin, Sergey"]
[Black "Dubov, Daniil"]
[Result "1/2-1/2"]
[WhiteElo "2743"]
[BlackElo "2720"]
[Annotator "TA"]
[PlyCount "46"]
[EventDate "2022.01.15"]
[EventType "tourn"]
[EventCountry "NED"]
[Tiebreak "Direct encounter+Number of black games"]
[SourceTitle "playchess.com"]
[Source "ChessBase"]
[SourceQuality "1"]

{[%evp 16,46,40,42,38,29,21,24,13,43,48,60,50,49,54,56,51,53,43,43,43,43,46,46,
30,39,46,10,10,10,21,21,21]} 1. Nf3 Nf6 2. c4 c5 3. Nc3 e6 4. g3 d5 5. cxd5
exd5 6. d4 Nc6 7. Bg2 cxd4 8. Nxd4 Bc5 9. Nb3 {[%csl LRc5,LRd5]} Bb6 {D33:
Tarrasch Defence: 6 g3 sidelines.} 10. O-O ({Reject} 10. Bxd5 Nb4 11. Bf3 Qxd1+
12. Kxd1 O-O $11) 10... d4 11. Na4 O-O {White has an edge.} 12. Bg5 h6 13. Nxb6
axb6 14. Bxc6 bxc6 15. Bxf6 Qxf6 16. Qxd4 Rd8 {[#]} 17. Qxf6 $146 ({
Predecessor:} 17. Qxb6 Ba6 18. Rfe1 Qxb2 19. Qxc6 Rdc8 20. Qf3 Re8 21. e3 Bd3
22. Qd1 Bc2 23. Re2 Bxd1 24. Rxb2 {1-0 (41) Tsvetkov,A (2394)-Mischuk,D (2364)
Cheliabinsk 2021}) 17... gxf6 18. Rfd1 Rxd1+ 19. Rxd1 {Hoping for Rd8+.} Be6
20. Nc1 Bxa2 21. Nxa2 Rxa2 {The position is equal.} 22. Rd6 {[%csl LRc6,LRf6]}
Kg7 23. Rxc6 Rxb2 {Weighted Error Value: White=0.02 (flawless) /Black=0.02 
(flawless)} 1/2-1/2

[Event "84th Tata Steel Masters 2022"]
[Site "Wijk aan Zee"]
[Date "2022.01.16"]
[Round "2.7"]
[White "Shankland, Sam"]
[Black "Grandelius, Nils"]
[Result "1/2-1/2"]
[WhiteElo "2708"]
[BlackElo "2672"]
[Annotator "TA"]
[PlyCount "90"]
[EventDate "2022.01.15"]
[EventType "tourn"]
[EventCountry "NED"]
[Tiebreak "Direct encounter+Number of black games"]
[SourceTitle "playchess.com"]
[Source "ChessBase"]
[SourceQuality "1"]

{[%evp 11,90,8,13,19,27,3,0,0,10,7,12,7,11,3,25,8,10,-5,-8,-9,-11,-12,-16,-20,
0,0,0,0,-25,-39,0,-52,-28,-52,-54,-79,0,0,47,39,75,54,67,52,94,91,92,95,83,85,
77,70,162,58,64,6,0,13,139,123,139,54,27,0,0,0,0,-41,-41,-97,-97,-101,0,0,0,0,
0,0,0,0,0]} 1. c4 {Marin,M} c5 2. g3 g6 3. Bg2 Bg7 4. Nc3 Nc6 5. Nf3 {[%cal
Bg1f3,Bf3d2,Bd2f1,Bf1e3][%mdl 32]} e5 6. a3 Nge7 $1 {The main line 6...Nge7
scores better than 6...a5.} 7. d3 {A37: Symmetrical English vs ...g6: 4 Bg2
Bg7 5 Nf3.} O-O 8. Nd2 d6 9. Rb1 {[#]} Rb8 $146 ({Predecessor:} 9... h6 10. O-O
a5 11. Nd5 Be6 12. Nxe7+ Qxe7 13. Ne4 Kh8 14. Nc3 Qd7 15. Bd2 Rab8 16. Qc1 h5
17. Bh6 Bh3 18. Re1 {½-½ (18) Gelfand,B (2733)-Grischuk,A (2747) Kazan 2011
CBM 143 [Marin,M]}) 10. b4 b6 11. Nf1 Bb7 12. Ne3 Nd4 13. Bxb7 Rxb7 14. bxc5
dxc5 15. O-O {[%cal Be1g1,Bg1h1,Bh1h2,Bh2g2][%mdl 32]} f5 16. Ned5 {To avoid f4
} Nxd5 17. Nxd5 f4 18. f3 {[%cal Rg3f4]} Rbf7 19. Kh1 fxg3 20. hxg3 h5 21. Be3
(21. Kg2 $11) 21... Nf5 $15 22. Rg1 Qd7 23. Kh2 Qd6 ({Black should play} 23...
Nxe3 $17 24. Nxe3 g5) 24. Bg5 $11 Nd4 (24... Bh6 $11 {is more appropriate.} 25.
Bxh6 Nxh6) 25. Kg2 $1 $14 b5 26. Nc3 $1 bxc4 27. dxc4 Qe6 (27... Qc6 $14) 28.
Qd3 $1 $16 Rd7 {[%cal Od4f3] [#]} 29. Rgd1 $1 Rff7 {[%cal Od4f3]} 30. Rb8+ Kh7
{aiming for ...Nc6.} 31. Rd8 Rb7 (31... Rxd8 $14 32. Bxd8 Rb7) 32. Ne4 {
Really sharp!} (32. Rh1 $18 {White threatens Rxh5+ and mate.} Rf5 33. Bd2 (33.
Ne4 Rb3 $14)) 32... Rb3 $14 {[#]} 33. Rxd4 Rxd3 $11 34. R4xd3 Bh6 (34... Qxc4
$2 35. Nd6 Qa2 36. R1d2 $18) (34... Bf8 $1 $11) 35. Rd5 Qa6 36. R1d2 {White is
much more active.} ({Resist} 36. Rxc5 $6 Bf8 37. Rxe5 Qxc4 $16) ({Much less
strong is} 36. Rxe5 Bg7 37. Rxc5 Bf8 $16) (36. Rd7 $16 Qxc4 37. R1d2) 36... Kg7
$14 37. Rxc5 {Threatens to win with Rd6.} Qxa3 38. Rxe5 Bxg5 39. Rxg5 (39. Nxg5
$11 Re7 40. Red5) 39... Rf5 $1 $15 40. Rd5 (40. Rd7+ $15 Kh6 41. Rxf5 gxf5 42.
Rd6+ Kg7 43. Rd7+ Kf8 44. Nf2) 40... Rxg5 $17 41. Nxg5 Qe3 ({Better is} 41...
Qb2 $17 42. Kf1 Kf8) 42. Rd7+ $11 {The position is equal.} Kg8 43. Rd8+ Kg7 44.
Rd7+ Kg8 45. Rd8+ Kg7 {Weighted Error Value: White=0.16 (very precise) /
Black=0.16 (very precise)} 1/2-1/2

[Event "84th Tata Steel Masters 2022"]
[Site "Wijk aan Zee"]
[Date "2022.01.17"]
[Round "3.1"]
[White "Duda, Jan-Krzysztof"]
[Black "Carlsen, Magnus"]
[Result "1/2-1/2"]
[WhiteElo "2760"]
[BlackElo "2856"]
[Annotator "TA"]
[PlyCount "75"]
[EventDate "2022.01.15"]
[EventType "tourn"]
[EventCountry "NED"]
[Tiebreak "Direct encounter+Number of black games"]
[SourceTitle "playchess.com"]
[Source "ChessBase"]
[SourceQuality "1"]

{[%evp 20,75,27,24,43,31,35,42,39,22,24,29,22,32,28,29,30,25,18,29,37,21,29,28,
23,40,74,66,52,20,26,19,92,38,43,43,41,25,42,20,39,41,41,41,30,36,30,49,37,26,
34,18,41,0,24,14,22,11]} 1. e4 e5 2. Nf3 Nc6 3. Bb5 a6 4. Ba4 Nf6 5. O-O Be7 6.
Re1 b5 7. Bb3 O-O 8. a4 Rb8 9. axb5 axb5 10. h3 d6 11. c3 b4 {C88: Closed Ruy
Lopez: Anti-Marshall Systems.} 12. d3 bxc3 13. bxc3 h6 $1 {[%mdl 4] [#] White
is slightly better. 13...h6 is the recent fashion.} 14. Be3 $146 ({Predecessor:
} 14. Nbd2 Nh7 15. Bc4 Ng5 16. Bd5 Bd7 17. Ra6 Qe8 18. Nxg5 Bxg5 19. Nf3 Bxc1
20. Qxc1 {0-1 (64) Ter Sahakyan,S (2637)-Duda,J (2760) Warsaw 2021}) 14... Re8
15. Nbd2 Bf8 16. Qc2 Be6 17. Bxe6 Rxe6 18. d4 {[#] Threatens to win with d5.}
exd4 19. Nxd4 Nxd4 20. cxd4 Qe8 21. d5 Re7 22. Ra4 Rb2 23. Qxb2 Qxa4 24. Bd4
Nh5 (24... Nxd5 $2 25. Ra1 Qc6 26. exd5 Qxd5 27. Be3 $18) 25. Ra1 Qd7 {[#]} (
25... Qe8 $11) 26. Qc3 {White is much more active.} (26. Qc2 $1 $16) 26... Nf4
$14 {White must now prevent ...Ne2+.} 27. Qf3 {Inhibits Ne2+.} Ng6 28. Rc1 Qa4
29. Qd3 f5 30. g3 {Inhibits Nf4.} ({Much worse is} 30. exf5 Nf4 31. Qc4 Qxc4
32. Rxc4 Nxd5 $15) 30... fxe4 31. Nxe4 {[%cal Oe4f6] And now Nf6+! would win.}
Qe8 32. Nc3 Re1+ 33. Rxe1 Qxe1+ 34. Kg2 Qe8 35. Qb5 Qc8 36. Qd3 (36. Qc4 $14 {
feels stronger.}) 36... Ne7 37. Qe4 c6 38. dxc6 {Weighted Error Value: White=0.
09 (flawless) /Black=0.11 (very precise)} 1/2-1/2

[Event "84th Tata Steel Masters 2022"]
[Site "Wijk aan Zee"]
[Date "2022.01.17"]
[Round "3.2"]
[White "Dubov, Daniil"]
[Black "Vidit, Santosh Gujrathi"]
[Result "0-1"]
[WhiteElo "2720"]
[BlackElo "2727"]
[Annotator "TA"]
[PlyCount "74"]
[EventDate "2022.01.15"]
[EventType "tourn"]
[EventCountry "NED"]
[Tiebreak "Direct encounter+Number of black games"]
[SourceTitle "playchess.com"]
[Source "ChessBase"]
[SourceQuality "1"]

{[%evp 12,74,14,12,23,10,13,13,22,21,37,42,33,0,0,0,0,0,38,35,52,71,44,36,52,
54,58,50,43,39,51,47,58,0,0,0,0,0,0,0,0,0,0,0,0,-276,0,0,0,0,0,0,0,-1186,-1164,
-1171,-1155,-1110,-958,-29984,-29985,-29985,-29986,-29990,-1990]} 1. e4 e5 2.
Nf3 Nc6 3. Bc4 Nf6 4. d3 Bc5 5. c3 d6 6. Bg5 h6 7. Bh4 a5 {[#] C54: Giuoco
Piano: 4 c3 Nf6, main lines with 5 d4 and 5 d3.} 8. Na3 $146 (8. O-O {is
interesting.} O-O 9. Nbd2 g5 10. Bg3 Rb8 11. a4) ({Predecessor:} 8. Nbd2 Ba7 9.
O-O g5 10. Bg3 O-O 11. a3 Nh7 12. Kh1 Kh8 13. b4 h5 14. b5 Ne7 15. Bxe5+ dxe5
16. Nxe5 {0-1 (34) Adhiban,B (2672)-Vidit,S (2727) Kolkata 2021}) 8... Bxa3 9.
bxa3 Qe7 {The position is equal.} 10. O-O Nb8 11. d4 Nbd7 12. Rb1 g5 13. Bg3
Nxe4 14. Qc2 f5 15. dxe5 dxe5 16. Rfe1 $1 Nxg3 17. hxg3 e4 18. g4 Nc5 19. Nd4
$1 Rf8 20. gxf5 Bxf5 {[#]} 21. Rxb7 $1 Rf6 $1 22. Qb1 (22. Rb5 $1 $14 c6 23.
Rb6) 22... Nxb7 $11 23. Qxb7 Rd8 {Hoping for ...Qc5.} 24. Nxf5 Rxf5 25. Rxe4
Rd1+ 26. Kh2 {[#] Threatening mate with Qc8+.} Re5 27. Qc6+ Kd8 28. Qa8+ Kd7
29. Bb5+ $1 Ke6 $1 (29... Rxb5 $2 30. Rxe7+ Kxe7 31. Qc6 $18) 30. Qc8+ ({
Avoid the trap} 30. Qc6+ $2 Kf7 31. Rxe5 (31. Rd4 $2 Rxd4 32. cxd4 Rf5 $19)
31... Qxe5+ 32. g3 Kg7 $19) 30... Kf6 (30... Kf7 $5 31. Bc4+ Kg6 32. Qg8+ Kf6
$11) 31. Qh8+ Kf5 {The board is on fire.} 32. f3 {[%mdl 8192]} (32. Qc8+ $11
Kg6 33. Qg8+ Kf6 34. Qh8+ Kf5 35. Qc8+ Kg6 36. Qg8+ Kf6 37. Qh8+) 32... Rxe4
$19 33. fxe4+ Kxe4 34. Qa8+ Ke3 {( -> ...Qe5+)} 35. Bc6 Qe5+ {Black mates.} 36.
g3 g4 37. Qa7+ Kd2 {Weighted Error Value: White=0.53/Black=0.02 (flawless)} (
37... Ke2 $142 38. Kg2 Rd2 39. Qf2+ Kd3 40. Kg1 Rxf2 41. Kxf2 Qf5+ 42. Kg2 Ke3
43. Be8 Qf2+ 44. Kh1 Kf3 45. Bc6+ Kxg3 46. Be8 Qh2#) 0-1

[Event "84th Tata Steel Masters 2022"]
[Site "Wijk aan Zee"]
[Date "2022.01.17"]
[Round "3.3"]
[White "Caruana, Fabiano"]
[Black "Shankland, Sam"]
[Result "1/2-1/2"]
[WhiteElo "2792"]
[BlackElo "2708"]
[Annotator "TA"]
[PlyCount "139"]
[EventDate "2022.01.15"]
[EventType "tourn"]
[EventCountry "NED"]
[Tiebreak "Direct encounter+Number of black games"]
[SourceTitle "playchess.com"]
[Source "ChessBase"]
[SourceQuality "1"]

{[%evp 18,139,0,20,31,9,7,10,15,0,7,0,20,15,27,17,36,37,27,0,0,0,0,0,9,9,20,20,
40,0,0,0,0,0,0,0,0,0,0,0,0,0,0,0,0,0,0,0,0,0,0,0,0,0,0,0,0,0,2,2,10,0,0,0,8,0,
0,0,0,0,0,0,0,0,0,0,0,0,0,0,0,0,0,0,0,0,0,0,0,0,0,0,0,0,15,0,8,0,0,0,0,0,0,0,0,
0,0,0,0,-12,-12,-12,0,0,0,0,0,0,0,0,0,0,0,0]} 1. e4 e5 2. Nf3 Nc6 3. Bb5 Nf6 4.
O-O Nxe4 5. d4 Nd6 6. Bxc6 dxc6 7. dxe5 Nf5 8. Qxd8+ Kxd8 9. h3 Ke8 {9...Bd7
deserves study.} 10. Nc3 h5 {C67: Ruy Lopez: Berlin Defence: 4 0-0 Nxe4.} 11.
Bf4 Be7 12. Rad1 Be6 13. b3 Rd8 14. Rxd8+ {[#]} Bxd8 $146 ({Predecessor:} 14...
Kxd8 15. Rd1+ Kc8 16. Ng5 Bxg5 17. Bxg5 c5 18. Ne2 Bd7 19. Bc1 h4 20. Bb2 c4 {
0-1 (36) Crapulli,G (2155)-Herzog,A (2116) LSS email 2016}) 15. Rd1 Be7 16. g3
Rg8 17. Ng5 Bc8 18. Nce4 c5 19. c3 b6 20. Re1 {[%cal Oe4f6]} Bd8 {Inhibits
Nf6+.} 21. f3 Rf8 22. Kf2 Ne7 23. g4 {[%cal Oe4f6]} (23. Nf6+ $5 gxf6 24. exf6
$11) 23... hxg4 {The position is equal.} 24. hxg4 Ng6 25. Bg3 Rh8 26. c4 Nf8
27. Kg2 a5 28. Bf4 Bd7 29. Bd2 a4 30. Nc3 axb3 31. axb3 Bxg5 32. Bxg5 Ne6 33.
Be3 Bc6 34. Nd5 g5 {Prevents f4.} 35. Rd1 Kf8 36. Kg3 Kg7 37. Ne7 Bb7 38. Nf5+
Kg6 39. Ne7+ Kg7 40. Nf5+ Kg6 41. Re1 f6 42. exf6 Kxf6 43. Bc1 {[#] aiming for
Bb2+.} Rd8 44. Bb2+ Kf7 45. Re3 Bc8 46. Be5 Rd2 47. f4 gxf4+ 48. Bxf4 {[%cal
Oe3e6] [#] Rxe6! is the strong threat.} Rd1 49. Be5 Kf8 50. Kf2 Rh1 {Prevents
Rh3.} 51. Rd3 {[%cal Oe5c7]} Rh7 52. Kg3 Rd7 53. Re3 Rd1 54. Kf2 Rh1 {Inhibits
Rh3.} 55. Rd3 {[%cal Oe5c7] Threatening Bxc7!} Rh7 56. Rd1 Bb7 57. Bg3 Be4 58.
Re1 Bxf5 59. gxf5 $11 {[%mdl 4096] Endgame KRB-KRN} Nd4 {[%csl LRb3,LRf5]} 60.
f6 Rh6 61. Bxc7 Rxf6+ 62. Kg2 Rc6 63. Bf4 Nxb3 64. Re4 Rf6 65. Kg3 Kf7 66. Kg4
Rg6+ 67. Bg5 $1 Na5 68. Re7+ Kf8 {[%cal Og6g5] White must now prevent ...Rxg5+!
} 69. Rd7 Nxc4 {And now ...Ne5+ would win.} 70. Kf5 {Prevents Ne5.  Weighted
Error Value: White=0.03 (flawless) /Black=0.01 (flawless)} 1/2-1/2

[Event "84th Tata Steel Masters 2022"]
[Site "Wijk aan Zee"]
[Date "2022.01.17"]
[Round "3.4"]
[White "Van Foreest, Jorden"]
[Black "Praggnanandhaa R"]
[Result "1-0"]
[WhiteElo "2702"]
[BlackElo "2612"]
[Annotator "TA"]
[PlyCount "111"]
[EventDate "2022.01.15"]
[EventType "tourn"]
[EventCountry "NED"]
[Tiebreak "Direct encounter+Number of black games"]
[SourceTitle "playchess.com"]
[Source "ChessBase"]
[SourceQuality "1"]

{[%evp 9,111,0,-28,-20,0,14,7,20,8,0,0,0,0,0,0,0,0,0,38,31,36,11,41,0,6,24,45,
36,30,33,44,22,29,22,37,30,43,6,2,10,63,55,129,145,156,119,214,206,203,210,206,
161,257,247,249,250,252,257,258,264,259,257,260,217,214,206,198,201,189,175,
172,175,166,160,171,159,209,197,191,202,376,362,534,515,1012,989,1807,1608,
5285,6073,29976,29977,29977,29978,29978,29978,29978,29979,29986,29986,29986,
29983,29989,29990]} 1. e4 c5 2. Nf3 Nc6 3. Bc4 e6 4. O-O d5 5. Bb5 dxe4 6. Ne5
{B30: Sicilian: 2...Nc6 3 Bb5, lines without ...g6.} Qc7 {[#]} 7. Nxc6 $146 ({
Predecessor:} 7. Qh5 g6 8. Qg5 f6 9. Qg3 Qxe5 10. Qxe5 fxe5 11. Nc3 Bd7 12.
Nxe4 Nb4 13. Bxd7+ Kxd7 {0-1 (27) Davis,M (1600)-Godat,T (2137) FICGS email
2008}) 7... bxc6 8. Bc4 {The position is equal.} Bd6 9. Kh1 Nf6 (9... Bxh2 10.
g3 Bxg3 11. fxg3 $14) 10. Nc3 e5 (10... Bxh2 11. g3 $14) 11. f3 exf3 12. Qxf3
O-O 13. d3 Be6 14. Bxe6 fxe6 15. Bg5 Qd7 (15... Rab8 $5 {[%cal Rb8b2]}) 16.
Bxf6 (16. Qe2 $14) 16... gxf6 17. Ne4 f5 18. Nxd6 Qxd6 19. Rae1 {And now Qg3+
would win.} f4 {Prevents Qg3+.} 20. Re4 {[%mdl 1024] White has compensation.}
Rab8 $1 21. b3 Rb4 $1 22. Rfe1 {[%cal Bf1e1,Be1e4,Be4g4][%mdl 32]} Rf5 23. Qe2
{[%cal Re4e5]} Rxe4 24. Qg4+ Kh8 (24... Kf7 $11 25. Rxe4 Qd8) 25. Rxe4 $14 {
[%mdl 4096] Endgame KQR-KQR} f3 {White stays focused until the end.} ({Better
is} 25... Qf8 $14) 26. gxf3 $16 Qf8 27. Qg3 {White is more active.} h6 {[#]} (
27... Rf4 $16) 28. Kg2 $1 $18 ({Not} 28. Rxe5 Rxf3 29. Qg4 (29. Qg1 $2 Rf1 $19)
29... Rf4 $15) 28... Qf6 29. Rg4 Kh7 30. Qh4 {Strongly threatening Qxf6.} Qxh4
(30... Rxf3 $142 31. Qxf6 Rxf6) 31. Rxh4 {KR-KR} Rf4 32. Rg4 h5 33. Rg5 Rf5 34.
Rg3 Rf4 35. Kf2 Rf7 36. Rg5 {[%csl LRe5,LRh5]} Rf5 37. Rg1 c4 38. dxc4 e4 39.
Rg3 h4 40. Rh3 Kg6 41. Ke3 {To avoid Rf4. Hoping for f4.} ({Much less strong is
} 41. Rxh4 $6 Rxf3+ 42. Ke2 Kf5 $14) 41... exf3 42. Rxf3 Ra5 (42... Re5+ $16
43. Kf2 Re4) 43. a4 {[%cal Ba2a4,Ba4a5,Ba5b6,Bb6b7][%mdl 32]} Re5+ 44. Kd3 {
Threatens to win with Re3.} Rg5 $2 (44... Re1 45. Rf4 Kg5) 45. b4 {[%cal Bb3b4,
Bb4b5][%mdl 32]} Rg1 (45... a6 $142 46. Rf8 Kg7) 46. b5 c5 (46... Ra1 $142 47.
Kd4 cxb5) 47. a5 Rd1+ 48. Ke4 Rd4+ 49. Ke5 Rxc4 50. b6 {White mates.} axb6 51.
axb6 Rxc2 {[#]} 52. Rb3 $1 ({Weaker is} 52. Rf6+ Kg7 53. Rxe6 Rxh2 $11) 52...
c4 53. Rb1 c3 54. b7 Re2+ 55. Kd4 c2 56. Rg1+ {Weighted Error Value: White=0.
06 (flawless) /Black=0.35} 1-0

[Event "84th Tata Steel Masters 2022"]
[Site "Wijk aan Zee"]
[Date "2022.01.17"]
[Round "3.5"]
[White "Giri, Anish"]
[Black "Mamedyarov, Shakhriyar"]
[Result "1/2-1/2"]
[WhiteElo "2772"]
[BlackElo "2767"]
[Annotator "TA"]
[PlyCount "41"]
[EventDate "2022.01.15"]
[EventType "tourn"]
[EventCountry "NED"]
[Tiebreak "Direct encounter+Number of black games"]
[SourceTitle "playchess.com"]
[Source "ChessBase"]
[SourceQuality "1"]

{[%evp 20,41,23,24,33,14,60,65,69,72,71,66,63,47,60,26,26,26,31,24,14,35,25,56]
} 1. Nf3 d5 2. d4 Nf6 3. c4 c6 4. e3 e6 5. Bd3 Nbd7 6. O-O Be7 7. Nc3 dxc4 8.
Bxc4 b5 9. Bd3 b4 10. Na4 Bb7 11. e4 Rc8 {D47: Semi-Slav: Meran System.} 12. a3
{[%cal Ba2a3,Ba3b4][%mdl 32] [#]} c5 $146 (12... bxa3 $11 13. b4 (13. bxa3 c5
$11) 13... Bxb4) ({Predecessor:} 12... bxa3 13. b4 Bxb4 14. Bxa3 Bxa3 15. Rxa3
c5 16. Nxc5 Nxc5 17. dxc5 Rxc5 18. Qb1 Bc8 19. Rxa7 {½-½ (33) Rets,Y (2213)
-Tkachenko,I (2338) ICCF email 2018}) 13. Nxc5 $14 Nxc5 {White is slightly
better.} 14. dxc5 Bxc5 15. axb4 Bb6 16. Bb5+ Kf8 17. Qxd8+ Rxd8 18. Be3 {
[#] Strongly threatening Bxb6.} Bxe4 19. Bxb6 axb6 20. Ne5 {Black must now
prevent Ra7.} g5 $1 {And now ...Rd5 would win.} 21. Ra7 {Weighted Error Value:
White=0.07 (flawless) /Black=0.06 (flawless)} 1/2-1/2